| 000 | 00000nam 2200000za 4500 |
| 001 | 9.843557 |
| 003 | CaOODSP |
| 005 | 20221107152540 |
| 007 | cr ||||||||||| |
| 008 | 170913s1999 onc |o f|0| 0 eng d |
| 040 | |aCaOODSP|beng |
| 043 | |an-cn--- |
| 086 | 1 |aCS81-0022/1999E-PDF |
| 100 | 1 |aTaillon, Jacques. |
| 245 | 10|aDiscussion paper on the transition from the post-secondary education system to the labour market |h[electronic resource] : |bthe case of non-graduates / |cby Jacques Taillon. |
| 260 | |a[Ottawa] : |bStatistics Canada, |c1999. |
| 300 | |a27 p. |
| 500 | |aDigitized edition from print [produced by Statistics Canada]. |
| 500 | |aCover title. |
| 500 | |a"November 17th, 1999." |
| 504 | |aIncludes bibliographic references. |
| 520 | |a"The purpose of this paper is three fold. First, to describe the actual data sources that could help to provide information about the non-graduates of the postsecondary education system. Then, one will discuss the unresolved questions by the current sources of information. Finally, one presents a series of options to address the issue of non-graduatesof the postsecondary education system"--Introduction. |
| 692 | 07|2gccst|aLabour market |
| 692 | 07|2gccst|aPostsecondary education |
| 710 | 2 |aStatistics Canada. |
| 856 | 40|qPDF|s794 KB|uhttps://publications.gc.ca/collections/collection_2017/statcan/CS81-0022-1999-eng.pdf |
| 986 | |a81F0022XPE |